| 000 -CABECERA |
| Longitud fija campo de control |
00722nam a22002057a 4500 |
| 003 - IDENTIFICADOR DEL NÚMERO DE CONTROL |
| Identificador del número de control |
OSt |
| 005 - FECHA Y HORA DE LA ÚLTIMA TRANSACCIÓN |
| Fecha y hora de la última transacción |
20130528181112.0 |
| 008 - CÓDIGOS DE INFORMACIÓN DE LONGITUD FIJA |
| Códigos de información de longitud fija |
130528s1995 sp ||||| |||| 00| 0 spa d |
| 020 ## - NÚMERO INTERNACIONAL NORMALIZADO PARA LIBROS |
| Número Internacional Normalizado para Libros (ISBN) |
8474232410 |
| 040 ## - FUENTE DE LA CATALOGACIÓN |
| Centro transcriptor |
CDMR |
| 100 1# - PUNTO DE ACCESO PRINCIPAL-NOMBRE DE PERSONA |
| 9 (RLIN) |
3540 |
| Nombre de persona |
González Martín, Pedro |
| 245 10 - MENCIÓN DE TÍTULO |
| Título |
Euronews |
| Resto del título |
: la primera cadena paneuropea multilíngüe dedicada a la información continua |
| Mención de responsabilidad, etc. |
Pedro González Martín |
| 260 ## - PUBLICACIÓN, DISTRIBUCIÓN, ETC. (PIE DE IMPRENTA) |
| Lugar de publicación, distribución, etc. |
Barcelona |
| Nombre del editor, distribuidor, etc. |
Icaria |
| Fecha de publicación, distribución, etc. |
1995 |
| 490 0# - MENCIÓN DE SERIE |
| Mención de serie |
Antrazyt |
| Designación de volumen o secuencia |
78 |
| 500 ## - NOTA GENERAL |
| Nota general |
Títol a la coberta: Euronews, una televisión pública para Europa |
| 610 2# - PUNTO DE ACCESO ADICIONAL DE MATERIA - NOMBRE DE ENTIDAD CORPORATIVA |
| 9 (RLIN) |
987 |
| Nombre de entidad corporativa o nombre de jurisdicción como elemento inicial |
Euronews |
| 650 04 - PUNTO DE ACCESO ADICIONAL DE MATERIA - TÉRMINO DE MATERIA |
| 9 (RLIN) |
3157 |
| Término de materia o nombre geográfico como elemento inicial |
Televisió |
| Subdivisión de materia general |
Noticiaris |
| 650 04 - PUNTO DE ACCESO ADICIONAL DE MATERIA - TÉRMINO DE MATERIA |
| 9 (RLIN) |
3534 |
| Término de materia o nombre geográfico como elemento inicial |
Mitjans de comunicació de massa |
| Subdivisión geográfica |
Europa |
| Subdivisión de materia general |
Direcció i administració |
| 942 ## - ENTRADA DE ELEMENTOS AGREGADOS (KOHA) |
| Fuente de clasificaión o esquema |
|
| Koha [por defecto] tipo de item |
Monografies |